La construcción del lenguaje matemático /

Guardado en:
Autor Principal: Alcala, Manuel
Formato: Libro
Publicado: Barcelona : Graó
Series:Biblioteca de Uno; No. 174
Materias:
Etiquetas: Agregar Etiqueta
Sin Etiquetas, Sea el primero en etiquetar este registro!
LEADER 00959nam a22002175a 4500
001 CEM.cems011253
005 20071026165528.0
008 130507b######################000#0#####d
003 CEMS
020 |a 8478272801 
082 0 4 |a 372.7 
100 1 |a Alcala, Manuel 
245 1 0 |a La construcción del lenguaje matemático /  |c Manuel Alcalá 
260 |a Barcelona :  |b Graó 
300 |a 176 p. 
490 0 |a Biblioteca de Uno; No. 174 
505 0 |a Qué son las matemáticas escolares -- La matemática interpretada como lenguaje -- El aprendizaje de la matemática -- Los cuatro niveles de simbolización -- Introducción al simbolismo -- Las operaciones aditivas -- Las operaciones multiplicativas -- El simbolismo de tercer orden -- La enseñanza de las matemáticas en la escuela obligatoria 
653 |a Matemática 
653 |a Matemática-didáctica 
653 |a Didáctica de la matemática 
859 |a CEMS  |b BIB. CEMS - 11 de abril  |h 372.7  |i Al16  |p 22134.03  |t Ej.1